banner-ar

Wonders of Egypt / (Record no. 60691)

MARC details
000 -الفاتح
حقل البيانات ثابتة الطول 00662nam a22002177a 4500
005 - وقت وتاريخ اخر تعامل مع التسجيلة
رقم الضبط 20240530110423.0
008 - عناصر البيانات ثابتة الطول - معلومات عامة
حقل البيانات ثابتة الطول 150315s2009 ua ao f 001 0 eng d
020 ## - الرقم الدولى المعيارى للكتب
الرقم الدولى المعيارى للكتاب 9789774163166
040 ## - مصدر الفهرسة
وكالة الفهرسة الأصلية EG-CaGPL
وكالة النسخ EG-CaGPL
082 04 - رقم تصنيف ديوى العشرى
رقم الطبعة 21
رقم التصنيف 916.2
رقم المادة CC/F W
100 1# - المدخل الرئيسى - إسم شخصى
الإسم الشخصى Ferrero , Giorgio
245 10 - بيان العنوان
العنوان Wonders of Egypt /
بيان المسئوليه,etc Text by Giorgio Ferrero Foreword by Zahi Hawass
260 ## - PUBLICATION, DISTRIBUTION, ETC. (IMPRINT)
تاريخ النشر أو التوزيع 2009.
300 ## - الوصف المادى
التعداد 735 p. :
تفاصيل ماديه اخرى للوعاء col. ill. , photos ;
أبعاد الوعاء 16 cm.
650 0# - المدخل الاضافى بالموضوع-مصطلح موضوعى
مصطلح موضوعي Curlosities and Wonders
651 0# - المدخل الاضافى بالموضوع - اسم جغرافى
الاسم الجغرافي Egypt
التقسيم الفرعي العام antiquities
700 0# - المدخل الاضافى - اسم شخصى
الإسم الشخصى Zahi Hawass
942 ## - عناصر المدخل الإضافي( كوها)
مصدر التصنيف او مخطط الترفيف Dewey Decimal Classification
Koha [default] item type كتاب
260 ## - PUBLICATION, DISTRIBUTION, ETC. (IMPRINT)
-- Cairo :
-- The American University in Cairo Press,
Holdings
حالة التراجع حالة الفقد مصدر التصنيف او خطة الترفيف حالة تلف ليس للاعارة المكان المؤقت الموقع الحالى تاريخ الاكتساب اجمالي اﻻعارات رقم الطلب الباركود تاريخ اخر مشاهدة تاريخ تفعيل السعر نوع وعاء كوها
    ddc     مكتبة القاهرة الكبرى مكتبة القاهرة الكبرى 03/15/2015   916.2 CC/F W 159793 03/15/2015 03/15/2015 كتاب

Powered By

EGPV